=LDR 00000nam 2200000 4500 =001 INLIS000000000045809 =990 ##$$a 21421767 =005 20251023110834 =990 ##$$a 21421768 =035 ##$$a 0010-021500000000369 =990 ##$$a 21421769 =008 251023################g##########0#ind## =990 ##$$a 21421770 =020 ##$$a 978-979-010-458-7 =990 ##$$a 21421771 =040 ##$$a NBPDMAT =990 ##$$a 0001/BPAP-NTB/20142015 =082 ##$$a 028.5 =990 ##$$a 0001/BPAP-NTB/20142015 =090 ##$$a 028.5 $b Bun i =990 ##$$a 0001/BPAP-NTB/20142015 =100 ##$$a Bunda Nanit =990 ##$$a 0001/BPAP-NTB/2016 =245 1#$$a Iwan si Awan /$c Bunda Nanit dan Jodhi P. Giriarso =990 ##$$a 0001/BPAP-NTB/2016 =250 ##$$a Cet.1 =990 ##$$a 0001/BPAP-NTB/2016 =260 ##$$a Jakarta :$b Bumi Aksara,$c 2008 =990 ##$$a 0001/BPAP-NTB/2016 =300 ##$$a 32 hlm. : $b ilus. ; $c 19 x 19 cm =990 ##$$a 01201708828 =650 #4$$a Bacaan kanak - Kanak =990 ##$$a 01201708829 =850 ##$$a NBPDMAT =990 ##$$a 21306399 =710 #$$a Jodhi P. Giriarso =990 ##$$a 1201344018 =084 ##$$a 028.5 BUN i =990 ##$$a 21306401 =990 ##$$a 21421767 =990 ##$$a 21421768 =990 ##$$a 21421769 =990 ##$$a 21421770 =990 ##$$a 21421771 =990 ##$$a 0001/BPAP-NTB/20142015 =990 ##$$a 0001/BPAP-NTB/20142015 =990 ##$$a 0001/BPAP-NTB/20142015 =990 ##$$a 0001/BPAP-NTB/2016 =990 ##$$a 0001/BPAP-NTB/2016 =990 ##$$a 0001/BPAP-NTB/2016 =990 ##$$a 0001/BPAP-NTB/2016 =990 ##$$a 01201708828 =990 ##$$a 01201708829 =990 ##$$a 21306399 =990 ##$$a 1201344018 =990 ##$$a 21306401 =990 ##$$a 21421769 =990 ##$$a 21421767 =990 ##$$a 21421768 =990 ##$$a 21421770 =990 ##$$a 21421771 =990 ##$$a 0001/BPAP-NTB/20142015 =990 ##$$a 0001/BPAP-NTB/20142015 =990 ##$$a 0001/BPAP-NTB/20142015 =990 ##$$a 0001/BPAP-NTB/2016 =990 ##$$a 0001/BPAP-NTB/2016 =990 ##$$a 0001/BPAP-NTB/2016 =990 ##$$a 0001/BPAP-NTB/2016 =990 ##$$a 01201708828 =990 ##$$a 01201708829 =990 ##$$a 21306399 =990 ##$$a 1201344018 =990 ##$$a 21306401